000 00290nam a2200109Ia 4500
008 230907s9999||||xx |||||||||||||| ||und||
082 _a621.312
_bASK
100 _aAskeland, Donald R.
_914727
245 0 _aEssentials of materials science and engineering
300 _apages cm
942 _cBK
999 _c598298
_d598298